Ăn vụng biết chùi mép! /

Saved in:
Bibliographic Details
Main Author: Diên Khánh.
Format: Article
Language:Vietnamese
Subjects:
Tags: Add Tag
No Tags, Be the first to tag this record!
Institutions: Thư viện Trường Đại học Đà Lạt
LEADER 00719nam a2200265 4500
001 DLU110118700
005 ##20110315
040 # # |a DLU  |b vie 
041 # # |a vie 
044 # # |a vn 
100 # # |a Diên Khánh. 
245 # # |a Ăn vụng biết chùi mép! /  |c Diên Khánh. 
653 # # |a Ứng xử 
653 # # |a Cuộc sống xã hội 
653 # # |a Tâm lí xã hội 
773 # # |t Gia đình và trẻ em  |g Số 52, 2008, tr. 38-39 
920 # # |a Phòng Tạp chí -- Trung tâm Thông tin - Thư viện Trường Đại học Đà Lạt 
994 # # |a DLU 
900 # # |a True 
911 # # |a Nguyễn Thị Linh Chi 
925 # # |a G 
926 # # |a A 
927 # # |a BB 
980 # # |a Thư viện Trường Đại học Đà Lạt